Ciutats més grans de les comarques barcelonines (Catalunya) - Statistics

General Stats
  • This quiz has been taken 104 times
  • The average score is 9 of 10
Answer Stats
Habitants Resposta % Correct
223.166 Badalona
100%
1.664.182 Barcelona
100%
269.382 L'Hospitalet de Llobregat
99%
216.520 Sabadell
97%
223.627 Terrassa
97%
120.443 Santa Coloma de Gramenet
95%
129.661 Mataró
94%
89.936 Cornellà de Llobregat
82%
84.500 Sant Boi de Llobregat
69%
92.977 Sant Cugat del Vallès
52%
No matching quizzes found
Score Distribution
Percent of People with Each Score
Percentile by Number Answered
Your Score History
You have not taken this quiz